000 00794nam a2200217 a 4500
001 000021678
003 OSt
005 20240305073654.0
008 100910s1955 dr 000 0 spa d
040 _aDO-SdBNP
_bspa
_cBNPHU
049 _aEn proceso
082 _axxxx
_bR696r
100 1 _aRodríguez Demorizi, Emilio,
_d1908-1986
_91039
245 1 0 _aRelaciones dominico españolas (1844-1859) /
_cEmilio Rodríguez Demorizi.
260 _aCiudad Trujillo, República Dominicana :
_bMontalvo,
_c1955.
300 _av. ;
_c25 cm.
490 1 _aPublicaciones de la Academia Dominicana de la Historia
_v3
500 _aIncluye notas al pie de páginas e índice de personas, lugares y materias
830 0 _aPublicaciones de la Academia Dominicana de la Historia
_n3
_945107
942 _2ddc
_cLF1
999 _c21177
_d21177